Εθνικισμός, ιδεολογία, μέσα μαζικής επικοινωνίας

Αποθηκεύτηκε σε:
Λεπτομέρειες βιβλιογραφικής εγγραφής
Κύριος συγγραφέας: Δοξιάδης, Κύρκος, 1955-
Μορφή: Βιβλίο
Γλώσσα:Greek
Δημοσίευση: Αθήνα : Πλέθρον, 1995.
Σειρά:Θεωρία και κοινωνία (Πλέθρον)
Θέματα:
Ετικέτες: Προσθήκη ετικέτας
Δεν υπάρχουν, Καταχωρήστε ετικέτα πρώτοι!

MARC

LEADER 00000cam a2200000 i 4500
001 1/14608
008 980512s1995 gr | ||| |||| ||gre||
020 |a 9603480193 
035 |l 10019488 
040 |a GR-MY-UA  |b gre  |e aacr 
041 0 |a gre 
082 7 |a 320.54   |2 (22) 
100 1 |a Δοξιάδης, Κύρκος,   |d 1955- 
245 1 0 |a Εθνικισμός, ιδεολογία, μέσα μαζικής επικοινωνίας /   |c Κύρκος Δοξιάδης.  
260 |a Αθήνα :   |b Πλέθρον,   |c 1995.  
300 |a 107 σ. ;   |c 21 εκ.  
490 1 |a (Θεωρία και κοινωνία / Πλέθρον) 
504 |a Περιέχει βιβλιογραφία. 
650 0 0 |a Nationalism. 
650 0 0 |a Ideology. 
650 0 0 |a Mass media  |x Political aspects. 
830 0 |a Θεωρία και κοινωνία (Πλέθρον) 
852 |a INST  |b LESVOS  |e 19980512  |h 320.54 ΔΟΞ  |p 005100014101  |q 005100014101  |t BK  |y 0 
852 |a INST  |b LESVOS  |e 20021024  |h 320.54 ΔΟΞ  |p 005100024956  |q 005100024956  |t BK  |y 0 
901 |a BIBL-1998-2 
909 |a Λ  |b 055977 
909 |a Λ  |b 102607 
922 |a 1ΕΛΗ  |b 199804  |c ΚΠΣ/ΤΚ  |d EMVASIS 
950 |a 103-1998-02-03 
970 |z 12/05/1998